Curso de geografia astronómica, física y política, moderna e histórica (Registro nro. 151406)
[ vista simple ]
| 000 -LEADER | |
|---|---|
| campo de control de longitud fija | 01032nam a2200193 i 4500 |
| 001 - NÚMERO DE CONTROL | |
| campo de control | 151406 |
| 003 - IDENTIFICADOR DE NÚMERO DE CONTROL | |
| campo de control | ES-MaACL |
| 005 - FECHA Y HORA DE LA ÚLTIMA TRANSACCIÓN | |
| campo de control | 20250815062537.0 |
| 008 - DATOS DE LONGITUD FIJA--INFORMACIÓN GENERAL | |
| campo de control de longitud fija | 010219s1879 sp ab |||| | spa d |
| 100 1# - ENTRADA PRINCIPAL--NOMBRE DE PERSONA | |
| Nombre de persona | Alermón y Dorréguiz. |
| 9 (RLIN) | 168104 |
| 245 10 - MENCIÓN DEL TÍTULO | |
| Título | Curso de geografia astronómica, física y política, moderna e histórica |
| Resto del título | : para uso de la facultad de Filosofía y Letras, de los institutos colegios de segunda enseñanza, escuelas normales de naútica y comercio y seminarios: obra de texto aprobada por el Real Consejo de Instrucción pública / |
| Mención de responsabilidad, etc. | por Bernardo Monreal y Ascaso. |
| 250 ## - MENCION DE EDICION | |
| Mención de edición | 14ª ed. notablemente corr. y aum. sobre las anteriores por el mismo autor. |
| 260 ## - PUBLICACIÓN, DISTRIBUCIÓN, ETC. | |
| Lugar de publicación, distribución, etc. | Madrid : |
| Nombre del editor, distribuidor, etc. | [s.n.], |
| Fecha de publicación, distribución, etc. | 1879 ( |
| Fabricante | Imp. y Estereotipia de Aribau y Cª) |
| 300 ## - DESCRIPCIÓN FÍSICA | |
| Extensión | 551 p., [7] h. pleg. : |
| Otras características físicas | il. ; |
| Dimensiones | 21 cm. |
| 650 07 - PUNTO DE ACCESO ADICIONAL DE MATERIA--TÉRMINO DE MATERIA | |
| Término de materia o nombre geográfico como elemento de entrada | Geografía |
| Fuente del encabezamiento o término | embne |
| 9 (RLIN) | 13070 |
| 752 ## - ENTRADA AGREGADA--NOMBRE JERÁRQUICO DEL LUGAR | |
| País o entidad superior | España - |
| Ciudad | Madrid |
| 852 ## - LOCALIZACIÓN | |
| Ubicación | ES-MaACL |
| Número de control de estantería | G-3628 |
| Nota libre | - Enc. hol. |
| -- | . - Dedicatoria autógrafa del autor |
| condición física | - Ejemp. falto de [2] h. de lám. |
| Estatus retirado | Estado de pérdida | Estado de daño | No para préstamo | Colección | Biblioteca de origen | Biblioteca actual | Ubicación en estantería | Fecha de adquisición | Fuente de adquisición | Total de préstamos | Signatura topográfica completa | Código de barras | Visto por última vez | Precio de reemplazo | Tipo de ítem Koha |
|---|---|---|---|---|---|---|---|---|---|---|---|---|---|---|---|
| Libros del s. XIX | Biblioteca del Ateneo de Madrid | Biblioteca del Ateneo de Madrid | Depósito 2 | 17/01/2008 | G-3628 | 1157971 | 23/02/2023 | 23/02/2023 | Libro impreso antiguo |
